| 000 | 00557nam a2200217 a 4500 | ||
|---|---|---|---|
| 001 | 20153 | ||
| 003 | BD-Rjul | ||
| 005 | 20211209000528.0 | ||
| 008 | 140226r19921991enk 000 0 eng d | ||
| 020 | _a0747237263 | ||
| 035 | _a(BD-RjUL) 20215 | ||
| 040 |
_aBD-RjUL _beng _cBD-RjUL _dBD-RjUL |
||
| 041 | _aeng | ||
| 082 |
_a823 _bTAD 1992 |
||
| 100 | 1 |
_aTaylor, Roger, _d1938- _962106 |
|
| 245 | 1 | 0 | _aDream finder / |
| 260 |
_aLondon : _bHeadline Feature, _c1992. |
||
| 300 |
_a595 p. ; _c19 cm. |
||
| 650 |
_aEnglish fiction _962107 |
||
| 942 |
_2ddc _cBK |
||
| 999 |
_c20153 _d20153 |
||